000 00553nam a2200181 a 4500
005 20210219152943.0
008 991125n 000 0 spa u
035 _aUPN01000068645
222 _aCOMUNICACION EDUCATIVA
245 _aEl CONALEP es nueva alternativa para la juventud : a partir de 1978
300 _a16
362 _a1981 Año 2, no. 13 nov.
653 0 _aCOLEGIO NACIONAL DE EDUCACION PROFESIONAL TECNICA (MEXICO)
653 0 _aEDUCACION MEDIA SUPERIOR
653 0 _aEDUCACION TECNICA
904 _aAC
_b006456
905 _aArticulo
999 _c64644
_d64644